| 000 | 00490nam a2200205Ia 4500 | ||
|---|---|---|---|
| 005 | 20240823053339.0 | ||
| 008 | 240823s9999||||xx |||||||||||||| ||und|| | ||
| 020 | _a978-93-8212-702-4 | ||
| 041 | _aENGLISH | ||
| 082 | _A620.11282 Q3 | ||
| 100 | _aBhaskar K | ||
| 245 | 0 | _aPlates Theories and Applications | |
| 250 | _a1st | ||
| 260 |
_c2013 _bAne Books Pv |
||
| 500 | _aYES | ||
| 650 |
_aPlates and Shells _bMechanical |
||
| 700 | _a Varadan T K | ||
| 942 | _cBK | ||
| 999 |
_c223959 _d223959 |
||